00752 2200241 4500001002100000005001700021008004100038035002400079082001100103090002100114111005200135245012300187260003800310300002500348650004300373850001500416980001300431985000600444999001500450999001500465999001500480999001500495YOGYA-0209000003273820090227024718.0 ind  0010-020900000032738 a351.72 a351.72bInd KlR aINDONESIA. Presiden (Keputusan, Instruksi, dsb) aKeputusan Presiden Republik Indonesia nomor 14 A tahun 1980 tentang pelaksanaan anggaran pendapatan dan belanja negara aJakartabRepublik Indonesiac1980 a171 hlmbilusc21 cm aAnggaran Pendapatan dan Belanja Negara aYOPDYOG(B) a23-01-07 a4 a06A0019751 a06A0019752 a06A0019753 a06A0019754